000 01078nam a22002777a 4500
999 _c65772
_d65772
005 20240530110842.0
008 200912s2019 ua a f b 000 0dara d
017 _a2018/25262
_bمصر. دار الكتب
020 _a9789779121000
040 _aEG-CaGPL
_cEG-CaGPL
082 0 4 _221
_a214\
_bس ر
100 0 _aسامر سيد قنديل
245 1 2 _aالرؤى الاوربية عن الاسلام من الفتوحات الاسلامية حتى الحروب الصليبية /
_cسامر سيد قنديل
250 _aط.1
260 _aالقاهرة :
_bالهيئة المصرية العامة للكتاب،
_c2019
300 _a362 ص. ؛
_c24 سم.
490 0 _aتاريخ المصريين ؛
_v320
650 0 7 _2qrmak
_aالفتوحات الاسلامية
650 0 7 _aالاسلام والغرب
_2qrmak
650 0 7 _aالحروب الصليبية
_2qrmak
650 0 7 _2الاسلام
_vبحوث
651 _2qrmak
653 _aالهوية - العصور الوسطى
942 _2ddc
_cBK